Conociendo nuestros derechos Juego código de familia/
El cuaderno No. 1 Cuaderno de Formación Legal para la Mujer trata los conceptos de matrimonio, concubinato y la filiación y los refuerza por medio del juego que trata sobre el código de familia.
Guardado en:
| Institution som forfatter: | |
|---|---|
| Format: | Bog |
| Sprog: | Spanish |
| Udgivet: |
La Paz, Bolivia:
Fundación San Gabriel. Área de Promoción de la Mujer
Sin fecha
|
| Serier: | Serie Mujer y Derechos
Cuaderno no.1 |
| Fag: | |
| Tags: |
Tilføj Tag
Ingen Tags, Vær først til at tagge denne postø!
|
MARC
| LEADER | 00000nam a2200000 4500 | ||
|---|---|---|---|
| 003 | cru CIDCACS/IIS | ||
| 005 | 20230613105743.0 | ||
| 008 | 210910bs.f. bo ||||| |||| 00| 0 spa d | ||
| 040 | |b spa |c CRAI-IIS | ||
| 090 | |a 04.01.02 F981s | ||
| 110 | 1 | |9 10080 |a Fundación San Gabriel. Área de Promoción de la Mujer | |
| 245 | 1 | |a Conociendo nuestros derechos |b Juego código de familia/ |c Fundación San Gabriel. Área de Promoción de la Mujer; Misión de Cooperación Técnica Holandesa | |
| 260 | |a La Paz, Bolivia: |b Fundación San Gabriel. Área de Promoción de la Mujer |c Sin fecha | ||
| 300 | |b tarjetas, carteles | ||
| 336 | |b gsso | ||
| 490 | |a Serie Mujer y Derechos |v Cuaderno no.1 | ||
| 500 | |a Colección Alforja | ||
| 505 | |a El juego Código de familia trae hoja de instrucciones para la persona organizadora 2 hojas de evaluación para rellenar. 15 tarjetas con preguntas para responder si o no, en colores fucsia, azul y verde. 10 tarjetas con instrucciones de indicaciones que debe imitar el grupo. 4 carteles (Cuadro no. 12) color verde sobre filiación "Reconocimiento de hijos y/o adopción . 5 carteles (Cuadro no.9) color azul sobre Concubinato "Bienes Propios". 5 carteles (Cuadro no. 1) sobre Matrimonio "Derechos y obligaciones" | ||
| 520 | 3 | |a El cuaderno No. 1 Cuaderno de Formación Legal para la Mujer trata los conceptos de matrimonio, concubinato y la filiación y los refuerza por medio del juego que trata sobre el código de familia. | |
| 650 | 0 | 0 | |0 TESAUROS |2 OCDE |9 113 |a PARTICIPACION DE LA MUJER |
| 650 | 0 | 0 | |9 421 |a DERECHOS DE LA MUJER |0 TESAUROS |2 OCDE |
| 650 | 0 | 4 | |9 3402 |a DERECHO DE FAMILIA |0 TESAUROS |
| 650 | 0 | 0 | |9 4672 |a CODIGOS |0 TESAUROS |2 OCDE |
| 942 | |2 z |c LI |h 04.01.02 F981s |i 21577 |6 040102_F981S_21577 | ||
| 999 | |c 43858 |d 43858 | ||
